[Event "MSRCH16"]
[Site "?"]
[Date "2026.04.16"]
[Round "8.1"]
[White "Meszaros, Casey Ryan"]
[Black "Bilik, Matej"]
[Result "1-0"]
[BlackElo "2009"]
[WhiteElo "2204"]
[LiveChessVersion "1.4.8"]

1. e4 {[%clk 1:30:46]} e6 {[%clk 1:30:54]} 2. d4 {[%clk 1:31:11]} d5
{[%clk 1:31:19]} 3. Nc3 {[%clk 1:31:30]} Nf6 {[%clk 1:31:42]} 4. e5
{[%clk 1:30:32]} Ng8 {[%clk 1:32:05]} 5. f4 {[%clk 1:26:30]} Qd7 {[%clk 1:32:11]}
6. Nf3 {[%clk 1:25:24]} b6 {[%clk 1:31:55]} 7. a3 {[%clk 1:18:54]} Ba6
{[%clk 1:32:03]} 8. Bxa6 {[%clk 1:13:35]} Nxa6 {[%clk 1:32:31]} 9. Qe2
{[%clk 1:09:39]} Nb8 {[%clk 1:32:49]} 10. Be3 {[%clk 1:09:49]} Ne7
{[%clk 1:32:05]} 11. O-O {[%clk 1:03:49]} h5 {[%clk 1:26:39]} 12. Qd3
{[%clk 0:51:12]} Nf5 {[%clk 1:23:54]} 13. Bf2 {[%clk 0:49:21]} Nc6
{[%clk 1:08:39]} 14. b4 {[%clk 0:33:30]} Be7 {[%clk 0:56:14]} 15. Ne2
{[%clk 0:33:02]} O-O {[%clk 0:52:24]} 16. c4 {[%clk 0:30:00]} Rfd8
{[%clk 0:46:08]} 17. Rac1 {[%clk 0:29:22]} Rac8 {[%clk 0:45:45]} 18. c5
{[%clk 0:20:15]} b5 {[%clk 0:44:11]} 19. g3 {[%clk 0:15:38]} a6 {[%clk 0:38:16]}
20. h3 {[%clk 0:15:53]} Nh6 {[%clk 0:38:14]} 21. Nh2 {[%clk 0:14:34]} g6
{[%clk 0:33:12]} 22. g4 {[%clk 0:13:05]} hxg4 {[%clk 0:32:42]} 23. hxg4
{[%clk 0:13:34]} Kg7 {[%clk 0:31:12]} 24. Be3 {[%clk 0:10:04]} Rh8
{[%clk 0:28:55]} 25. Ng3 {[%clk 0:10:08]} Rcg8 {[%clk 0:28:42]} 26. Qd2
{[%clk 0:09:38]} Kf8 {[%clk 0:27:06]} 27. Rf3 {[%clk 0:07:48]} Ke8
{[%clk 0:23:41]} 28. Rcf1 {[%clk 0:06:50]} Rh7 {[%clk 0:22:33]} 29. R1f2
{[%clk 0:04:19]} Bh4 {[%clk 0:22:49]} 30. Rg2 {[%clk 0:04:29]} Bxg3
{[%clk 0:21:52]} 31. Rgxg3 {[%clk 0:03:43]} Rgh8 {[%clk 0:21:51]} 32. Rh3
{[%clk 0:03:15]} Ng8 {[%clk 0:20:14]} 33. Rxh7 {[%clk 0:03:17]} Rxh7
{[%clk 0:20:43]} 34. Qg2 {[%clk 0:02:30]} Nce7 {[%clk 0:19:19]} 35. Rh3
{[%clk 0:01:47]} Rxh3 {[%clk 0:18:54]} 36. Qxh3 {[%clk 0:02:16]} Kd8
{[%clk 0:17:18]} 37. Qh7 {[%clk 0:01:56]} Qe8 {[%clk 0:17:39]} 38. Qg7
{[%clk 0:01:53]} Nc6 {[%clk 0:17:02]} 39. Nf3 {[%clk 0:00:48]} Kd7
{[%clk 0:16:54]} 40. Ng5 {[%clk 0:00:56]} Nd8 {[%clk 0:17:16]} 41. Bd2
{[%clk 0:10:48]} Ne7 {[%clk 0:44:30]} 42. Nh7 {[%clk 0:10:52]} Kc8
{[%clk 0:38:14]} 43. Nf6 {[%clk 0:11:06]} Qc6 {[%clk 0:38:37]} 44. Qf8
{[%clk 0:11:23]} a5 {[%clk 0:37:56]} 45. Qxe7 {[%clk 0:09:04]} axb4
{[%clk 0:38:20]} 46. Bxb4 {[%clk 0:09:15]} Qa6 {[%clk 0:38:31]} 47. Qd7+
{[%clk 0:07:40]} Kb7 {[%clk 0:37:53]} 48. Ne8 {[%clk 0:06:31]} 1-0

[Event "MSRCH16"]
[Site "?"]
[Date "2026.04.16"]
[Round "8.2"]
[White "Vasko, Matej"]
[Black "Sichnenko, Grigorij"]
[Result "0-1"]
[BlackElo "2062"]
[WhiteElo "2013"]
[LiveChessVersion "1.4.8"]

1. Nf3 {[%clk 1:30:52]} c5 {[%clk 1:28:33]} 2. g3 {[%clk 1:31:05]} b6
{[%clk 1:27:29]} 3. Bg2 {[%clk 1:31:21]} Bb7 {[%clk 1:27:49]} 4. O-O
{[%clk 1:31:14]} Nf6 {[%clk 1:26:00]} 5. d3 {[%clk 1:30:49]} e6 {[%clk 1:21:43]}
6. e4 {[%clk 1:29:47]} d6 {[%clk 1:21:50]} 7. c3 {[%clk 1:28:22]} Nbd7
{[%clk 1:18:53]} 8. Nbd2 {[%clk 1:24:20]} Qc7 {[%clk 1:14:00]} 9. Re1
{[%clk 1:17:46]} Ne5 {[%clk 0:59:59]} 10. Nc4 {[%clk 1:07:31]} a6
{[%clk 0:49:20]} 11. Nfxe5 {[%clk 1:03:34]} dxe5 {[%clk 0:49:41]} 12. f4
{[%clk 1:03:04]} Nd7 {[%clk 0:44:29]} 13. Nxe5 {[%clk 0:57:32]} Nxe5
{[%clk 0:44:51]} 14. fxe5 {[%clk 0:57:55]} Rd8 {[%clk 0:38:31]} 15. Rf1
{[%clk 0:45:56]} Be7 {[%clk 0:35:05]} 16. Qg4 {[%clk 0:43:02]} g5
{[%clk 0:29:20]} 17. Qh5 {[%clk 0:33:41]} O-O {[%clk 0:28:18]} 18. Rf3
{[%clk 0:29:18]} Qxe5 {[%clk 0:26:29]} 19. Bf4 {[%clk 0:27:24]} Qg7
{[%clk 0:25:15]} 20. Bc7 {[%clk 0:26:47]} Rd7 {[%clk 0:22:50]} 21. Bxb6
{[%clk 0:27:05]} c4 {[%clk 0:19:30]} 22. dxc4 {[%clk 0:22:58]} Bxe4
{[%clk 0:19:40]} 23. Re3 {[%clk 0:21:21]} Bxg2 {[%clk 0:16:52]} 24. Kxg2
{[%clk 0:21:34]} Rb8 {[%clk 0:12:56]} 25. c5 {[%clk 0:18:23]} Rd5
{[%clk 0:12:00]} 26. Qe2 {[%clk 0:12:16]} Bxc5 {[%clk 0:09:13]} 27. Bxc5
{[%clk 0:12:39]} Rxc5 {[%clk 0:09:40]} 28. Rd1 {[%clk 0:12:58]} a5
{[%clk 0:08:44]} 29. Rd7 {[%clk 0:10:13]} Qf6 {[%clk 0:07:25]} 30. Qd2
{[%clk 0:06:31]} Rf5 {[%clk 0:06:28]} 31. Red3 {[%clk 0:05:47]} Rbb5
{[%clk 0:05:53]} 32. Qe2 {[%clk 0:04:30]} Rfe5 {[%clk 0:04:07]} 33. Qd2
{[%clk 0:04:19]} g4 {[%clk 0:01:48]} 34. R7d4 {[%clk 0:03:18]} h5
{[%clk 0:02:07]} 35. c4 {[%clk 0:02:47]} Rbc5 {[%clk 0:02:11]} 36. Rf4
{[%clk 0:01:19]} Rf5 {[%clk 0:02:29]} 37. Rd8+ {[%clk 0:00:48]} Kg7
{[%clk 0:02:51]} 38. b3 {[%clk 0:00:44]} Rxf4 {[%clk 0:02:35]} 39. gxf4
{[%clk 0:01:07]} e5 {[%clk 0:01:17]} 40. Rd5 {[%clk 0:00:37]} Rxd5
{[%clk 0:01:07]} 41. Qxd5 {[%clk 0:27:49]} Qxf4 {[%clk 0:22:59]} 42. c5
{[%clk 0:23:04]} e4 {[%clk 0:17:43]} 43. Qxh5 {[%clk 0:20:45]} e3
{[%clk 0:16:26]} 44. Qh4 {[%clk 0:20:27]} Qf3+ {[%clk 0:14:04]} 45. Kg1
{[%clk 0:20:48]} f5 {[%clk 0:07:26]} 46. Qe7+ {[%clk 0:12:10]} Kg6
{[%clk 0:07:48]} 47. Qe6+ {[%clk 0:11:41]} Kg5 {[%clk 0:08:11]} 48. Qe7+
{[%clk 0:11:41]} Kf4 {[%clk 0:08:31]} 49. Qd6+ {[%clk 0:11:45]} Ke4
{[%clk 0:08:15]} 50. Qe6+ {[%clk 0:08:42]} Kd3 {[%clk 0:08:27]} 51. Qc4+
{[%clk 0:08:26]} Kd2 {[%clk 0:08:49]} 52. Qd4+ {[%clk 0:03:57]} Kc2
{[%clk 0:03:16]} 53. Qc4+ {[%clk 0:04:20]} Kb2 {[%clk 0:02:33]} 54. Qf1
{[%clk 0:03:10]} e2 {[%clk 0:01:48]} 55. Qxf3 {[%clk 0:01:17]} gxf3
{[%clk 0:02:12]} 56. Kf2 {[%clk 0:01:44]} Kc2 {[%clk 0:02:35]} 57. Ke1
{[%clk 0:02:06]} Kd3 {[%clk 0:02:59]} 58. c6 {[%clk 0:02:32]} Ke3
{[%clk 0:03:23]} 59. c7 {[%clk 0:03:01]} f2# 0-1

[Event "MSRCH16"]
[Site "?"]
[Date "2026.04.16"]
[Round "8.3"]
[White "Durovka, Marek"]
[Black "Simko, Jakub"]
[Result "1-0"]
[BlackElo "2025"]
[WhiteElo "2054"]
[LiveChessVersion "1.4.8"]

1. c4 {[%clk 1:30:58]} f5 {[%clk 1:30:39]} 2. d4 {[%clk 1:31:16]} Nf6
{[%clk 1:31:02]} 3. Nc3 {[%clk 1:28:45]} e6 {[%clk 1:31:12]} 4. g3
{[%clk 1:25:50]} d5 {[%clk 1:30:33]} 5. Bg2 {[%clk 1:25:44]} c6 {[%clk 1:30:56]}
6. Bf4 {[%clk 1:24:31]} Be7 {[%clk 1:28:33]} 7. Nf3 {[%clk 1:22:27]} O-O
{[%clk 1:28:09]} 8. O-O {[%clk 1:22:42]} Qe8 {[%clk 1:22:36]} 9. h4
{[%clk 1:08:58]} Ne4 {[%clk 1:15:10]} 10. Qc1 {[%clk 0:49:51]} Nd7
{[%clk 1:05:56]} 11. Ng5 {[%clk 0:47:27]} Nxg5 {[%clk 0:56:56]} 12. hxg5
{[%clk 0:46:52]} b6 {[%clk 0:42:17]} 13. cxd5 {[%clk 0:44:37]} 1-0

[Event "MSRCH16"]
[Site "?"]
[Date "2026.04.16"]
[Round "8.4"]
[White "Ondreicka, Roman"]
[Black "Boros, David"]
[Result "0-1"]
[BlackElo "1966"]
[WhiteElo "1999"]
[LiveChessVersion "1.4.8"]

1. g3 {[%clk 1:30:58]} Nf6 {[%clk 1:30:49]} 2. Bg2 {[%clk 1:31:14]} g6
{[%clk 1:29:57]} 3. e4 {[%clk 1:31:30]} e5 {[%clk 1:28:31]} 4. Nc3
{[%clk 1:29:31]} Bg7 {[%clk 1:27:30]} 5. Nge2 {[%clk 1:29:25]} d6
{[%clk 1:22:41]} 6. O-O {[%clk 1:24:38]} O-O {[%clk 1:22:07]} 7. d3
{[%clk 1:11:26]} Nc6 {[%clk 1:15:56]} 8. h3 {[%clk 1:07:33]} Ne8 {[%clk 1:07:55]}
9. f4 {[%clk 1:05:17]} Nd4 {[%clk 1:00:44]} 10. Nd5 {[%clk 0:58:15]} c6
{[%clk 0:57:44]} 11. Ne3 {[%clk 0:57:53]} Nxe2+ {[%clk 0:53:49]} 12. Qxe2
{[%clk 0:58:17]} exf4 {[%clk 0:53:29]} 13. Rxf4 {[%clk 0:48:26]} h5
{[%clk 0:48:06]} 14. c3 {[%clk 0:45:55]} Nc7 {[%clk 0:44:34]} 15. Bd2
{[%clk 0:44:32]} Ne6 {[%clk 0:42:48]} 16. Rf2 {[%clk 0:43:38]} Be5
{[%clk 0:35:13]} 17. Nf1 {[%clk 0:41:05]} c5 {[%clk 0:35:14]} 18. Bf4
{[%clk 0:39:29]} Nxf4 {[%clk 0:32:11]} 19. gxf4 {[%clk 0:38:21]} Bg7
{[%clk 0:32:36]} 20. Ne3 {[%clk 0:37:56]} Qh4 {[%clk 0:21:59]} 21. Qf3
{[%clk 0:27:25]} Bd7 22. Nd5 Bc6 {[%clk 0:21:41]} 23. Re1 {[%clk 0:26:08]} Bxd5
{[%clk 0:20:22]} 24. exd5 {[%clk 0:26:33]} Rae8 {[%clk 0:17:13]} 25. Re4 Rxe4 26.
dxe4 {[%clk 0:22:47]} f5 {[%clk 0:14:49]} 27. exf5 {[%clk 0:09:02]} Rxf5
{[%clk 0:15:11]} 28. Qe3 {[%clk 0:09:24]} Bh6 {[%clk 0:12:31]} 29. Qe6+
{[%clk 0:09:01]} Kg7 {[%clk 0:11:05]} 30. Qd7+ {[%clk 0:06:23]} Rf7
{[%clk 0:11:27]} 31. Qxd6 {[%clk 0:05:37]} Bxf4 {[%clk 0:11:39]} 32. Qxc5
{[%clk 0:05:10]} Qg3 {[%clk 0:08:31]} 33. Qd4+ {[%clk 0:01:06]} Kg8
{[%clk 0:08:47]} 34. Qe4 {[%clk 0:00:55]} Qe3 {[%clk 0:07:12]} 35. Qxg6+
{[%clk 0:00:32]} Kf8 {[%clk 0:07:23]} 36. Bf3 {[%clk 0:00:32]} Rg7
{[%clk 0:07:11]} 37. Qxg7+ {[%clk 0:00:54]} Kxg7 {[%clk 0:07:36]} 38. Kg2
{[%clk 0:01:21]} h4 {[%clk 0:07:13]} 39. Re2 {[%clk 0:01:44]} Qd3
{[%clk 0:04:53]} 40. Re7+ {[%clk 0:01:50]} Kf8 {[%clk 0:05:03]} 41. Re2
{[%clk 0:01:47]} b5 {[%clk 0:26:30]} 42. Rf2 {[%clk 0:31:10]} Ke7
{[%clk 0:25:17]} 43. Re2+ {[%clk 0:31:01]} Kd8 {[%clk 0:25:37]} 44. Kf2
{[%clk 0:29:52]} Qf5 {[%clk 0:23:07]} 45. Kg2 {[%clk 0:28:49]} Qg5+
{[%clk 0:22:46]} 46. Kf1 {[%clk 0:29:13]} Qg3 {[%clk 0:21:07]} 47. Bg2
{[%clk 0:29:38]} Qd3 {[%clk 0:19:03]} 0-1

[Event "MSRCH16"]
[Site "?"]
[Date "2026.04.16"]
[Round "8.5"]
[White "Mrazik, Lukas"]
[Black "Livnansky, Michal"]
[Result "1-0"]
[BlackElo "1910"]
[WhiteElo "1929"]
[LiveChessVersion "1.4.8"]

1. e4 {[%clk 1:30:51]} c5 {[%clk 1:30:56]} 2. Nf3 {[%clk 1:31:16]} Nc6
{[%clk 1:31:17]} 3. d4 {[%clk 1:31:41]} cxd4 {[%clk 1:31:40]} 4. Nxd4
{[%clk 1:32:04]} Nf6 {[%clk 1:32:07]} 5. Nc3 {[%clk 1:31:44]} d6 {[%clk 1:32:31]}
6. f3 {[%clk 1:31:26]} e5 {[%clk 1:32:37]} 7. Nb3 {[%clk 1:31:41]} Be6
{[%clk 1:32:36]} 8. Be3 {[%clk 1:31:42]} Be7 {[%clk 1:32:10]} 9. Qd2
{[%clk 1:31:57]} h5 {[%clk 1:29:32]} 10. O-O-O {[%clk 1:29:37]} a6
{[%clk 1:29:12]} 11. Kb1 {[%clk 1:22:02]} Rc8 {[%clk 1:22:47]} 12. Na4
{[%clk 1:08:07]} b5 {[%clk 1:21:29]} 13. Nb6 {[%clk 1:05:51]} Rb8
{[%clk 1:20:57]} 14. Nd5 {[%clk 1:05:45]} a5 {[%clk 1:07:47]} 15. Nxe7
{[%clk 1:03:24]} Kxe7 {[%clk 1:07:54]} 16. h3 {[%clk 1:01:41]} a4
{[%clk 1:04:59]} 17. Nc1 {[%clk 1:01:52]} Qc7 {[%clk 1:00:58]} 18. Bd3
{[%clk 1:00:49]} Na5 {[%clk 0:52:51]} 19. a3 {[%clk 0:49:48]} Rhc8
{[%clk 0:48:41]} 20. Bg5 {[%clk 0:46:45]} Nc4 {[%clk 0:24:37]} 21. Bxc4
{[%clk 0:46:11]} bxc4 {[%clk 0:24:54]} 22. c3 {[%clk 0:43:51]} Rb5
{[%clk 0:25:02]} 23. Na2 {[%clk 0:42:45]} Rcb8 {[%clk 0:23:02]} 24. Nb4
{[%clk 0:42:46]} Qc5 {[%clk 0:09:54]} 25. Rhf1 {[%clk 0:40:23]} Rd8
{[%clk 0:06:27]} 26. f4 {[%clk 0:38:30]} Qb6 {[%clk 0:03:27]} 27. f5
{[%clk 0:36:31]} Bc8 {[%clk 0:03:24]} 28. Nd5+ {[%clk 0:35:44]} Rxd5
{[%clk 0:03:53]} 29. Qxd5 {[%clk 0:36:03]} Bb7 {[%clk 0:02:48]} 30. Qxc4
{[%clk 0:34:31]} Ba6 {[%clk 0:03:11]} 31. Qb4 {[%clk 0:33:07]} Qxb4
{[%clk 0:03:15]} 32. axb4 {[%clk 0:32:49]} Bxf1 {[%clk 0:03:37]} 33. Rxf1
{[%clk 0:33:11]} Kd7 {[%clk 0:01:59]} 34. Bxf6 {[%clk 0:33:07]} gxf6
{[%clk 0:02:28]} 35. g3 {[%clk 0:27:25]} Kc6 {[%clk 0:01:31]} 36. c4
{[%clk 0:26:41]} Rb8 {[%clk 0:01:43]} 37. b5+ {[%clk 0:20:23]} Kc5
{[%clk 0:02:09]} 38. Rd1 {[%clk 0:19:57]} Rg8 {[%clk 0:01:21]} 39. Rd5+
{[%clk 0:19:06]} Kxc4 {[%clk 0:01:45]} 40. Rxd6 {[%clk 0:14:36]} Rxg3
{[%clk 0:01:28]} 41. Rxf6 {[%clk 0:12:55]} Rxh3 {[%clk 0:15:50]} 42. Rxf7
{[%clk 0:40:54]} Kd4 {[%clk 0:09:37]} 43. Rh7 {[%clk 0:37:54]} Rf3
{[%clk 0:03:35]} 44. b6 {[%clk 0:36:28]} Rb3 {[%clk 0:02:05]} 45. b7
{[%clk 0:36:50]} a3 {[%clk 0:01:51]} 46. f6 {[%clk 0:33:47]} Rxb2+
{[%clk 0:02:11]} 47. Ka1 {[%clk 0:33:58]} Kxe4 {[%clk 0:01:09]} 48. f7
{[%clk 0:33:32]} Rxb7 {[%clk 0:01:20]} 49. f8=Q {[%clk 0:33:55]} Rxh7
{[%clk 0:01:36]} 50. Qxa3 {[%clk 0:33:54]} Rd7 {[%clk 0:00:47]} 51. Qh3
{[%clk 0:33:40]} Rd1+ {[%clk 0:00:51]} 52. Kb2 {[%clk 0:33:55]} Rd4
{[%clk 0:00:58]} 53. Qxh5 {[%clk 0:33:29]} Kd5 {[%clk 0:01:11]} 54. Qf3+
{[%clk 0:32:56]} Kd6 {[%clk 0:01:00]} 55. Kc3 {[%clk 0:32:49]} Ke6
{[%clk 0:01:18]} 56. Qh3+ {[%clk 0:31:53]} Kd6 {[%clk 0:01:34]} 57. Qc8
{[%clk 0:30:38]} Ke7 {[%clk 0:00:48]} 58. Qc6 {[%clk 0:30:09]} Kf7
{[%clk 0:01:02]} 59. Qh6 {[%clk 0:29:25]} Ke7 {[%clk 0:01:27]} 60. Qg6
{[%clk 0:29:40]} Rf4 {[%clk 0:00:56]} 61. Kd3 {[%clk 0:29:28]} Rd4+
{[%clk 0:00:57]} 62. Ke3 {[%clk 0:29:45]} Rf4 {[%clk 0:01:23]} 63. Qc6
{[%clk 0:28:51]} Rd4 {[%clk 0:01:39]} 64. Qc7+ {[%clk 0:28:34]} Ke6
{[%clk 0:02:02]} 65. Qc8+ {[%clk 0:27:54]} Kf6 {[%clk 0:01:14]} 66. Qe8
{[%clk 0:27:52]} Rd6 {[%clk 0:00:40]} 67. Qf8+ {[%clk 0:27:17]} Ke6
{[%clk 0:01:05]} 68. Qg8+ {[%clk 0:27:13]} Ke7 {[%clk 0:00:49]} 69. Ke4
{[%clk 0:26:48]} Re6 {[%clk 0:00:40]} 70. Qg7+ {[%clk 0:25:44]} Kd6
{[%clk 0:00:39]} 71. Qf7 {[%clk 0:25:25]} Re7 {[%clk 0:00:40]} 72. Qf6+
{[%clk 0:23:29]} Kd7 {[%clk 0:01:01]} 73. Kd5 {[%clk 0:23:09]} e4
{[%clk 0:01:03]} 74. Qc6+ {[%clk 0:23:23]} Kd8 {[%clk 0:01:16]} 75. Kd6
{[%clk 0:23:40]} Re6+ {[%clk 0:01:12]} 76. Kxe6 {[%clk 0:24:04]} e3
{[%clk 0:01:31]} 77. Qd7# 1-0

[Event "MSRCH16"]
[Site "?"]
[Date "2026.04.16"]
[Round "8.6"]
[White "Holecko, Samuel"]
[Black "Sekera, Timotej"]
[Result "1-0"]
[BlackElo "1916"]
[WhiteElo "1812"]
[LiveChessVersion "1.4.8"]

1. d4 {[%clk 1:30:40]} Nf6 {[%clk 1:30:50]} 2. Bg5 {[%clk 1:30:53]} Nc6
{[%clk 1:31:12]} 3. Nf3 {[%clk 1:24:33]} Ne4 {[%clk 1:31:17]} 4. h4
{[%clk 1:24:05]} d5 {[%clk 1:28:39]} 5. Nbd2 {[%clk 1:21:40]} Bf5
{[%clk 1:27:17]} 6. a3 {[%clk 1:15:17]} h6 {[%clk 1:25:30]} 7. Bf4
{[%clk 1:14:56]} e6 {[%clk 1:25:40]} 8. e3 {[%clk 1:14:22]} a6 {[%clk 1:25:03]}
9. Ne5 {[%clk 1:10:09]} Nxd2 {[%clk 1:20:05]} 10. Qxd2 {[%clk 1:10:30]} Bd6
{[%clk 1:20:26]} 11. f3 {[%clk 1:08:50]} Bxe5 {[%clk 1:14:08]} 12. dxe5
{[%clk 1:07:45]} Qe7 {[%clk 1:14:08]} 13. g4 {[%clk 1:05:37]} Bh7
{[%clk 1:12:12]} 14. O-O-O {[%clk 0:54:03]} O-O-O {[%clk 1:10:35]} 15. Qc3
{[%clk 0:50:56]} Na7 {[%clk 1:04:13]} 16. g5 {[%clk 0:51:01]} Bf5
{[%clk 1:00:49]} 17. Be2 {[%clk 0:46:23]} c5 {[%clk 0:56:08]} 18. Kb1
{[%clk 0:31:33]} Kb8 {[%clk 0:55:53]} 19. Bd3 {[%clk 0:23:29]} Bxd3
{[%clk 0:55:14]} 20. Qxd3 {[%clk 0:23:26]} c4 {[%clk 0:52:47]} 21. Qd2
{[%clk 0:22:32]} Rc8 {[%clk 0:51:51]} 22. c3 {[%clk 0:22:49]} h5 {[%clk 0:47:02]}
23. g6 {[%clk 0:22:18]} Rc5 {[%clk 0:43:55]} 24. Qg2 {[%clk 0:20:09]} Rf8
{[%clk 0:41:21]} 25. gxf7 {[%clk 0:18:19]} Qxf7 {[%clk 0:40:37]} 26. Rdg1
{[%clk 0:16:04]} Nb5 {[%clk 0:38:25]} 27. Qxg7 {[%clk 0:10:50]} Qf5+
{[%clk 0:38:40]} 28. Ka1 {[%clk 0:07:56]} Nxa3 {[%clk 0:32:40]} 29. bxa3
{[%clk 0:07:01]} Ra5 {[%clk 0:32:59]} 30. Qe7 {[%clk 0:06:36]} Qc2
{[%clk 0:30:40]} 31. Rb1 {[%clk 0:05:09]} Qxc3+ {[%clk 0:28:23]} 32. Ka2
{[%clk 0:05:31]} Rf7 {[%clk 0:28:45]} 33. Rxb7+ {[%clk 0:04:27]} Ka8
{[%clk 0:28:49]} 34. Ra7+ {[%clk 0:02:19]} Kb8 {[%clk 0:29:12]} 35. Qe8+
{[%clk 0:02:11]} Kxa7 {[%clk 0:29:27]} 36. Qxf7+ {[%clk 0:02:34]} Ka8
{[%clk 0:29:41]} 37. Qe8+ {[%clk 0:02:33]} Ka7 {[%clk 0:29:58]} 38. Qd7+
{[%clk 0:02:49]} Ka8 {[%clk 0:30:21]} 39. Qc6+ {[%clk 0:03:11]} Ka7
{[%clk 0:30:42]} 40. Qc7+ {[%clk 0:02:23]} Ka8 {[%clk 0:31:03]} 41. Qd8+
{[%clk 0:02:52]} Ka7 {[%clk 0:31:24]} 42. Qe7+ {[%clk 0:03:01]} Ka8
{[%clk 0:31:46]} 43. Rb1 {[%clk 0:03:06]} 1-0

[Event "MSRCH16"]
[Site "?"]
[Date "2026.04.16"]
[Round "8.7"]
[White "Bartelt, Tobias"]
[Black "Hudak, Michal"]
[Result "1-0"]
[BlackElo "1804"]
[WhiteElo "1830"]
[LiveChessVersion "1.4.8"]

1. e4 {[%clk 1:30:56]} c5 {[%clk 1:30:35]} 2. Nf3 {[%clk 1:31:19]} e6
{[%clk 1:30:53]} 3. c3 {[%clk 1:31:44]} Nc6 {[%clk 1:29:37]} 4. d4
{[%clk 1:31:53]} cxd4 {[%clk 1:29:31]} 5. cxd4 {[%clk 1:32:21]} d6
{[%clk 1:26:58]} 6. Nc3 {[%clk 1:32:03]} Nf6 {[%clk 1:26:53]} 7. Bg5
{[%clk 1:30:19]} Be7 {[%clk 1:27:02]} 8. Be2 {[%clk 1:29:07]} O-O
{[%clk 1:25:57]} 9. O-O {[%clk 1:29:18]} h6 {[%clk 1:09:38]} 10. Bf4
{[%clk 1:28:17]} d5 {[%clk 1:00:14]} 11. e5 {[%clk 1:25:43]} Ne4 {[%clk 0:45:02]}
12. Be3 {[%clk 1:10:54]} a6 {[%clk 0:33:38]} 13. Bd3 {[%clk 1:07:25]} Nxc3
{[%clk 0:30:21]} 14. bxc3 {[%clk 1:07:53]} b5 {[%clk 0:30:09]} 15. Qd2
{[%clk 1:08:17]} f5 {[%clk 0:26:57]} 16. exf6 {[%clk 1:02:50]} Bxf6
{[%clk 0:26:37]} 17. Bc2 {[%clk 1:00:51]} e5 {[%clk 0:18:34]} 18. dxe5
{[%clk 0:59:23]} Nxe5 {[%clk 0:17:42]} 19. Nxe5 {[%clk 0:59:37]} Bxe5
{[%clk 0:18:10]} 20. Rad1 {[%clk 0:58:45]} Qf6 {[%clk 0:08:00]} 21. Bb3
{[%clk 0:53:14]} Be6 {[%clk 0:03:28]} 22. Bxd5 {[%clk 0:53:09]} Bxd5
{[%clk 0:00:35]} 23. Qxd5+ {[%clk 0:53:38]} Kh8 {[%clk 0:00:56]} 24. c4
{[%clk 0:53:31]} Rfd8 {[%clk 0:00:49]} 25. Qe4 {[%clk 0:53:50]} Re8
{[%clk 0:00:43]} 26. Qg4 {[%clk 0:53:25]} bxc4 {[%clk 0:00:31]} 27. Qxc4
{[%clk 0:53:48]} Rec8 {[%clk 0:00:56]} 28. Qe4 {[%clk 0:53:46]} Re8
{[%clk 0:00:47]} 29. Qa4 {[%clk 0:53:57]} Rab8 {[%clk 0:00:33]} 30. Rb1
{[%clk 0:54:00]} Rec8 {[%clk 0:00:35]} 31. Qg4 {[%clk 0:52:21]} Qf7
{[%clk 0:00:34]} 32. a4 {[%clk 0:51:39]} Qa2 {[%clk 0:00:32]} 33. Qf5
{[%clk 0:50:29]} Bf6 {[%clk 0:00:56]} 34. Bxh6 {[%clk 0:50:00]} Qxb1
{[%clk 0:00:35]} 35. Rxb1 {[%clk 0:50:05]} Rxb1+ {[%clk 0:00:53]} 36. Qxb1
{[%clk 0:50:30]} gxh6 {[%clk 0:01:14]} 37. g3 {[%clk 0:50:51]} Bg7
{[%clk 0:00:42]} 38. Qb7 {[%clk 0:51:08]} Rc1+ {[%clk 0:01:03]} 39. Kg2
{[%clk 0:51:32]} a5 {[%clk 0:01:05]} 40. Qb6 {[%clk 0:51:08]} Kh7
{[%clk 0:00:34]} 41. Qxa5 {[%clk 0:51:23]} Bc3 {[%clk 0:00:33]} 42. Qf5+
{[%clk 0:51:35]} Kh8 {[%clk 0:00:41]} 43. a5 {[%clk 0:51:55]} Bd4
{[%clk 0:00:32]} 44. a6 {[%clk 0:51:56]} Rc7 {[%clk 0:00:34]} 45. Qa5
{[%clk 0:51:40]} Rd7 {[%clk 0:30:12]} 46. Kf3 {[%clk 1:21:08]} Rf7+
{[%clk 0:28:48]} 47. Ke4 {[%clk 1:21:33]} Bxf2 {[%clk 0:28:26]} 48. Qd8+
{[%clk 1:21:56]} Kg7 {[%clk 0:27:25]} 49. g4 {[%clk 1:19:22]} Kh7
{[%clk 0:05:26]} 50. Kd5 {[%clk 1:18:29]} Ra7 {[%clk 0:02:05]} 51. Qc8
{[%clk 1:18:23]} Rf7 {[%clk 0:02:03]} 52. Ke6 {[%clk 1:18:26]} Kg7
{[%clk 0:01:37]} 53. Qc3+ {[%clk 1:18:47]} Kg8 {[%clk 0:01:50]} 54. Qd2
{[%clk 1:17:29]} Bc5 {[%clk 0:00:34]} 55. Qxh6 {[%clk 1:16:57]} 1-0

[Event "MSRCH16"]
[Site "?"]
[Date "2026.04.16"]
[Round "8.8"]
[White "Ropovik, Samuel"]
[Black "Binovec, Lukas"]
[Result "1-0"]
[BlackElo "1858"]
[WhiteElo "2072"]
[LiveChessVersion "1.4.8"]

1. e4 {[%clk 1:30:58]} c5 {[%clk 1:30:56]} 2. Nf3 {[%clk 1:31:14]} g6
{[%clk 1:31:21]} 3. d4 {[%clk 1:31:32]} cxd4 {[%clk 1:31:46]} 4. Nxd4
{[%clk 1:31:52]} Nf6 {[%clk 1:32:10]} 5. Nc3 {[%clk 1:30:38]} d6 {[%clk 1:32:33]}
6. Be3 {[%clk 1:30:50]} Bg7 {[%clk 1:32:55]} 7. f3 {[%clk 1:31:10]} a6
{[%clk 1:33:08]} 8. Qd2 {[%clk 1:30:30]} h5 {[%clk 1:33:15]} 9. Bc4
{[%clk 1:21:48]} b5 {[%clk 1:32:47]} 10. Bb3 {[%clk 1:22:10]} Bb7
{[%clk 1:31:18]} 11. a4 {[%clk 1:01:26]} b4 {[%clk 1:22:30]} 12. Nd5
{[%clk 1:01:43]} Nxd5 {[%clk 1:20:22]} 13. Bxd5 {[%clk 1:00:52]} Bxd5
{[%clk 1:20:11]} 14. exd5 {[%clk 1:01:13]} a5 {[%clk 1:18:18]} 15. O-O
{[%clk 0:59:11]} O-O {[%clk 1:13:40]} 16. Rae1 {[%clk 0:46:35]} Qd7
{[%clk 1:03:52]} 17. Bg5 {[%clk 0:35:26]} Re8 {[%clk 0:46:57]} 18. f4
{[%clk 0:33:10]} Qa7 {[%clk 0:42:31]} 19. Rd1 {[%clk 0:33:13]} Qc5
{[%clk 0:40:06]} 20. f5 {[%clk 0:23:22]} Qxd5 {[%clk 0:31:57]} 21. Be3
{[%clk 0:23:33]} Nd7 {[%clk 0:25:05]} 22. Qe1 {[%clk 0:21:44]} Qb7
{[%clk 0:20:04]} 23. Qg3 {[%clk 0:19:22]} Ne5 {[%clk 0:16:37]} 24. fxg6
{[%clk 0:19:05]} Nxg6 {[%clk 0:15:14]} 25. Ne6 {[%clk 0:14:13]} h4
{[%clk 0:07:25]} 26. Qg5 {[%clk 0:13:22]} Rac8 {[%clk 0:04:51]} 27. Nxg7
{[%clk 0:10:17]} Kxg7 {[%clk 0:05:02]} 28. Rxf7+ {[%clk 0:10:17]} 1-0

[Event "MSRCH16"]
[Site "?"]
[Date "2026.04.16"]
[Round "8.9"]
[White "Jursa, Juraj"]
[Black "Vavra, Martin"]
[Result "1-0"]
[BlackElo "1798"]
[WhiteElo "2001"]
[LiveChessVersion "1.4.8"]

1. Nf3 {[%clk 1:30:58]} Nc6 {[%clk 1:30:21]} 2. d4 {[%clk 1:30:41]} d5
{[%clk 1:30:06]} 3. Bf4 {[%clk 1:28:33]} Bf5 {[%clk 1:30:22]} 4. e3
{[%clk 1:28:39]} e6 {[%clk 1:29:37]} 5. Bb5 {[%clk 1:25:21]} Bd6 {[%clk 1:25:41]}
6. Bg3 {[%clk 1:19:58]} a6 {[%clk 1:21:24]} 7. Bd3 {[%clk 1:17:52]} Bg6
{[%clk 1:11:37]} 8. Ne5 {[%clk 1:17:45]} Nxe5 {[%clk 1:06:08]} 9. dxe5
{[%clk 1:17:54]} Bc5 {[%clk 1:05:51]} 10. Nd2 {[%clk 1:12:35]} d4
{[%clk 0:56:11]} 11. e4 {[%clk 1:10:53]} Ne7 {[%clk 0:54:38]} 12. O-O
{[%clk 1:09:06]} b5 {[%clk 0:51:28]} 13. f4 {[%clk 1:08:40]} f5 {[%clk 0:47:42]}
14. exf6 {[%clk 1:06:33]} gxf6 {[%clk 0:48:02]} 15. f5 {[%clk 1:06:14]} exf5
{[%clk 0:48:23]} 16. exf5 {[%clk 1:06:38]} Bf7 {[%clk 0:45:57]} 17. Ne4
{[%clk 1:06:35]} Nd5 {[%clk 0:45:57]} 18. Nxc5 {[%clk 1:06:04]} Ne3
{[%clk 0:46:17]} 19. Qe2 {[%clk 1:05:22]} Qe7 {[%clk 0:45:35]} 20. Ne4
{[%clk 1:04:07]} c5 {[%clk 0:44:25]} 21. Bd6 {[%clk 1:03:42]} 1-0